000 01074cam a2200313 a 4500
003 OSt
005 20140310182731.0
008 970613s1997 ncua 001 0 eng
010 _a 97061133
020 _a1566046939
040 _aDLC
_cDLC
_dDLC
050 0 0 _aQA 76.9.C55
_b.Sa26 1998
100 1 _aSanin, Leo.
245 1 0 _aClient/server programming with Access & SQL server :
_bthe integrated guide for programmers & developers /
_cLeo Sanin, Renzhong Chen.
250 _a1st ed.
260 _aResearch Triangle Park, NC :
_bVentana,
_c1998.
300 _a398 p. :
_bill. ;
_c24 cm.
_e1 computer laser optical disc (4 3/4 in.)
500 _aIncludes index.
521 _aIT
630 0 0 _aMicrosoft Access.
630 0 0 _aSQL server.
650 0 _aClient/server computing.
700 1 _aChen, Renzhong.
906 _a7
_bcbc
_corignew
_d2
_eopcn
_f19
_gy-gencatlg
942 _2lcc
_cBK
_kFOR
999 _c15465
_d15465